000 01169nam a2200313 a 4500
003 CO-PeBPR
005 20260413162904.0
008 231206s2023 ck a|||ar ||| 00| ||spa d
020 _a9789585445987
040 0 _aCO-PeBPR
_bspa
_cCO-PeBPR
_erda
041 0 _hspa
082 0 4 _a(i) 591 R671a
100 1 _aRocca Toro, Camila
_eautora
_9279672
245 1 0 _aAnimales colombianos
_c/ Camila Rocca Toro ; ilustraciones de Pamela Daza
250 _aEdición especial
264 1 _aBogotá, Colombia
_b: Taller de Edición Rocca
_c, 2023
300 _a96 páginas
_b: ilustraciones a color
_c; 24 centímetros
336 _atexto
_btxt
337 _asin mediación
_bn
_2rdamedia
338 _avolumen
_bnc
_2rdacarrier
500 _aIncluye glosario.
521 _aRecomendado para un público infantil a partir de los 6 años
650 1 4 _2LEMB
_aÁlbumes infantiles colombianos
_ySiglo XXI
_985658
650 1 4 _2LEMB
_aLiteratura infantil colombiana
_ySiglo XXI
_9279673
650 1 4 _2LEMB
_aAnimales
_xHábitos y conducta
_9184
650 1 4 _2LEMB
_aBiodiversidad
_zColombia
_997975
700 1 _aDaza, Pamela
_eilustradora
_9279674
942 _2ddc
_cBKINF
999 _c17326
_d17326